Modelovanie nárokov na zdroje v projektovom manažmente

Guardado en:
Detalles Bibliográficos
Autor principal: Mizla, Martin, 1955-
Formato: Capítulo de libro
Lenguaje:eslovaco
Materias:
Etiquetas: Agregar Etiqueta
Sin Etiquetas, Sea el primero en etiquetar este registro!

MARC

LEADER 00000nla a2200000 4500
001 0215522
005 20240502073609.0
041 0 |a slo 
044 |a SK 
245 1 0 |a Modelovanie nárokov na zdroje v projektovom manažmente  |c Martin Mizla 
500 |a Abstrakt 
610 2 0 |a riadenie projektové 
610 2 0 |a modelovanie 
610 2 0 |a modely 
610 2 0 |a zdroje finančné 
100 1 |a Mizla, Martin, 1955-